000 02538cam a22001814a 4500
005 20250605163511.0
008 250528s ||||||||||||||||||||||||d
035 _a20570
040 _aGR-AtMCL
_bgre
_dGR-AtMCL
_eAACR2
245 1 _aΔοσιμετρία
260 _bΔημοκρίτειο Πανεπιστήμιο Θράκης,
_c1993
300 _a194
505 0 _aΔοσιμετρία και Ραδιενέργεια και Ακτινοβολίες, Δόσεις από Ακτινοβολίες, Προστασία από Ακτινοβολίες, Άτομα που Ασχολούνται σε Χώρους με Πηγές Ακτινοβολιών, Ο Πληθυσμός που ζει Κοντά σε Πυρηνική Βιομηχανία, Το Σύνολο του Πληθυσμού, Πηγές και Επιπτώσεις της Ραδιενέργειας στο Φυσικό Περιβάλλον, Από που Προέρχεται η Ακτινοβόληση του Ανθρώπινου Οργανισμού, Πώς Ταξινομούνται τα Φυσικά Ραδιενεργά Ισότοπα, Ποιά είναι τα Ποιό Σημαντικά Φυσικά Ραδιενεργά Ισότοπα, Τι είναι η κοσμική Ακτινοβολία, Τι είναι τα Τεχνητά Ραδιοϊσότοπα και Ποιά είναι τα Ποιό Σημαντικά, Βιβλιογραφία.
520 _aΔοσιμετρία και Ραδιενέργεια και Ακτινοβολίες, Δόσεις από Ακτινοβολίες, Προστασία από Ακτινοβολίες, Άτομα που Ασχολούνται σε Χώρους με Πηγές Ακτινοβολιών, Ο Πληθυσμός που ζει Κοντά σε Πυρηνική Βιομηχανία, Το Σύνολο του Πληθυσμού, Πηγές και Επιπτώσεις της Ραδιενέργειας στο Φυσικό Περιβάλλον, Από που Προέρχεται η Ακτινοβόληση του Ανθρώπινου Οργανισμού, Πώς Ταξινομούνται τα Φυσικά Ραδιενεργά Ισότοπα, Ποιά είναι τα Ποιό Σημαντικά Φυσικά Ραδιενεργά Ισότοπα, Τι είναι η κοσμική Ακτινοβολία, Τι είναι τα Τεχνητά Ραδιοϊσότοπα και Ποιά είναι τα Ποιό Σημαντικά, Βιβλιογραφία.
942 _cBK
999 _c5661
_d5661